[Event "Barcelona Sant Marti op-B 25th"]
[Site "Barcelona"]
[Date "2025.07.18"]
[Round "6"]
[White "Jimenez Puig, Juan Jose"]
[Black "Calderon Tocino, Jone"]
[Result "1/2-1/2"]
[WhiteElo "1786"]
[BlackElo "1885"]
[PlyCount "83"]
[EventDate "2025.07.13"]
[EventType "swiss"]
[EventRounds "9"]
[EventCountry "ESP"]
[SourceTitle "CB30_2025"]
[SourceDate "2025.07.23"]
[SourceVersion "1"]
[SourceVersionDate "2025.07.23"]
[SourceQuality "1"]

1. e4 e6 2. d4 d5 3. exd5 exd5 4. Nf3 Bd6 5. c4 dxc4 6. Bxc4 Bf5 7. 0-0 Ne7 8. Qb3 0-0 9. Qxb7 Nbc6 10. Qa6 Nb4 11. Qa5 Nc2 12. Bg5 c5 13. Qxd8 Rfxd8 14. Nc3 Nxa1 15. Rxa1 h6 16. Be3 Rac8 17. d5 Ng6 18. b3 Ne5 19. Nxe5 Bxe5 20. Rc1 Bxc3 21. Rxc3 Be4 22. Ba6 Rxd5 23. f3 Rd1+ 24. Kf2 Bf5 25. Bxc8 Bxc8 26. Rxc5 Be6 27. Rc1 Rxc1 28. Bxc1 Kf8 29. Ke3 Ke7 30. Kd4 Kd7 31. Kc5 Bf5 32. Bf4 Bd3 33. Bb8 a6 34. b4 Bb5 35. Kd5 Bf1 36. g3 Bg2 37. Ke4 Ke6 38. Ke3 Bf1 39. Kd4 Bb5 40. Kc5 h5 41. h4 g6 42. Bc7 1/2-1/2

[Event "Barcelona Sant Marti op-B 25th"]
[Site "Barcelona"]
[Date "2025.07.17"]
[Round "5"]
[White "Calderon Tocino, Jone"]
[Black "Santolaria Pena, Manel"]
[Result "1-0"]
[WhiteElo "1885"]
[BlackElo "1733"]
[PlyCount "61"]
[EventDate "2025.07.13"]
[EventType "swiss"]
[EventRounds "9"]
[EventCountry "ESP"]
[SourceTitle "CB30_2025"]
[SourceDate "2025.07.23"]
[SourceVersion "1"]
[SourceVersionDate "2025.07.23"]
[SourceQuality "1"]

1. e4 Nf6 2. e5 Nd5 3. c4 Nb6 4. d4 d6 5. f4 dxe5 6. fxe5 Bf5 7. Be3 Nc6 8. Nc3 e6 9. h3 Be7 10. Nf3 0-0 11. Be2 f6 12. 0-0 fxe5 13. Nxe5 Nxe5 14. dxe5 Bg5 15. Qc1 Bxe3+ 16. Qxe3 Qe7 17. Rad1 Rad8 18. b3 Rxd1 19. Rxd1 Rd8 20. Rd4 Rxd4 21. Qxd4 a6 22. Bf3 Qg5 23. h4 Qe7 24. h5 h6 25. Ne4 Kh8 26. Nc5 Bg4 27. Bxg4 Qh4 28. Qf4 Qe1+ 29. Qf1 Qd2 30. Nxe6 Qe3+ 31. Kh1 1-0

[Event "Barcelona Sant Marti op-B 25th"]
[Site "Barcelona"]
[Date "2025.07.15"]
[Round "3"]
[White "Martimpe Burgues, Xavier"]
[Black "Calderon Tocino, Jone"]
[Result "0-1"]
[WhiteElo "1417"]
[BlackElo "1885"]
[PlyCount "92"]
[EventDate "2025.07.13"]
[EventType "swiss"]
[EventRounds "9"]
[EventCountry "ESP"]
[SourceTitle "CB30_2025"]
[SourceDate "2025.07.23"]
[SourceVersion "1"]
[SourceVersionDate "2025.07.23"]
[SourceQuality "1"]

1. e4 e6 2. Nf3 d5 3. exd5 exd5 4. d4 Bd6 5. Nc3 c6 6. Bd3 Ne7 7. Bg5 f6 8. Bh4 0-0 9. 0-0 Bf5 10. Ne2 Qc7 11. Bg3 Nd7 12. Bxd6 Qxd6 13. Ng3 Bg6 14. Bxg6 Nxg6 15. Nf5 Qb4 16. b3 Rfe8 17. g3 Re6 18. Qd2 Qxd2 19. Nxd2 Rae8 20. c4 Ne7 21. Nxe7+ R8xe7 22. c5 Kf7 23. f4 Re2 24. Nf3 Rb2 25. Rfe1 Rxe1+ 26. Nxe1 Nb8 27. Nd3 Rd2 28. Ne1 Rxd4 29. a3 Na6 30. b4 Rd2 31. Ng2 Nc7 32. f5 Nb5 33. a4 Nd4 34. g4 a6 35. b5 cxb5 36. axb5 Nxb5 37. c6 bxc6 38. Rxa6 Nd4 39. Ra7+ Kf8 40. Ra4 Nf3+ 41. Kf1 Nxh2+ 42. Kg1 Nf3+ 43. Kf1 d4 44. Rc4 Nh2+ 45. Kg1 Nxg4 46. Rxc6 Rd1+ 0-1